000 00325nam a22001217a 4500
082 _a297.63 SAY'G
100 _aGHAZI, AHMED
_976419
245 _aSAYINGS OF MUHAMMAD (PBUH)
260 _aLAHORE
_bSH. MUHAMAD ASHRAF
_c1979
300 _a77P
650 _aISLAM-BIOGRAPHY-PROPHET MUHAMMAD PEACE BE UPON HIM
_9876
942 _cBK
999 _c581817
_d581817